000 00549nam a2200193Ia 4500
005 20250508162648.0
008 008 250505s9999 xx 000 0 eng d
037 _aTextual
040 _aFEDL
_beng
_cFEDL
041 _aeng
_2eng
084 _a370.15, KUN
_qFEDL
100 _aKundu C.L.
_9773739
245 0 _aEducational psychology
260 _aNew Delhi, India
_bSterling Publishers Private Limited
_c1988
300 _a616p.
650 _aEducation-Psychology
942 _cTEXL
_h370.15, KUN
999 _c1377916
_d1377916